[Event "TCh-SVK Extraliga 2011-12"]
[Site "Slovakia SVK"]
[Date "2012.01.14"]
[Round "5"]
[White "Bombek,P"]
[Black "Hagara,E"]
[Result "1/2-1/2"]
[WhiteElo "2179"]
[BlackElo "2388"]

1.d4 d5 2.Nf3 Nf6 3.c4 dxc4 4.e3 e6 5.Bxc4 c5 6.O-O a6 7.dxc5 Bxc5 8.Qxd8+ Kxd8
9.Rd1+ Ke7 10.Nc3 Nbd7 11.b3 b6 12.Bb2 Bb7 13.Ne1 Rhd8 14.Be2 Ke8 15.Nd3 Be7
16.f3 Rdc8 17.Kf2 Rc7 18.Rac1 Rac8 19.e4 Nc5 20.Ke3 Nxd3 21.Bxd3 Bc5+ 22.Kd2 Bb4
23.a3 Bd6 24.g3 Nd7 25.Ne2 Ne5 26.Rxc7 Rxc7 27.Nd4 Nxd3 28.Kxd3 b5 29.Rc1 Rxc1
30.Bxc1 g6 31.b4 h5 32.f4 Kd7 33.Be3 e5 34.Nb3 Bc8 35.fxe5 Bxe5 36.Nc5+ Kc6
37.Bd4 Bd6 38.Ke3 h4 39.gxh4 Bxh2 40.Kf3 Bc7 41.Nd3 Kd7 42.Be5 Bd8 43.Bg3 Bf6
44.Ke3 Ke8 45.Ne5 Be6 46.Kd4 Be7 47.Nd3 Bd8 48.Kc5 Bb3 49.Kc6 Bc4 50.Nc5 a5
51.bxa5 Bxa5 52.Nb7 Bd2 53.Nd6+ Ke7 54.Nxb5 f5 55.exf5 gxf5 56.Nd6 Bd3 57.Kd5 f4
58.Bf2 Be3 59.Ne4 Bxe4+ 60.Kxe4 Bxf2  1/2-1/2

[Event "TCh-CZE Liga 1 Zapad"]
[Site "Czech Rep CZE"]
[Date "2012.01.15"]
[Round "6.3"]
[White "Tichy,Vl"]
[Black "Vrana,J"]
[Result "1/2-1/2"]
[WhiteElo "2257"]
[BlackElo "2290"]

1.d4 d5 2.c4 dxc4 3.Nf3 Nf6 4.e3 e6 5.Bxc4 c5 6.Nc3 a6 7.a4 Nc6 8.O-O Be7
9.Qe2 cxd4 10.Rd1 O-O 11.exd4 Nd5 12.Ne5 Nxc3 13.bxc3 Nxe5 14.dxe5 Qc7 15.a5 Bc5
16.Bd3 Bd7 17.Qe4 g6 18.Bg5 Bc6 19.Qf4 Be7 20.Bxe7 Qxe7 21.Be2 Rfd8 22.Rd6 Qc7
23.Qd4 Rac8 24.c4 Rd7 25.h4 Rcd8 26.c5 Bd5 27.Qb4 Rc8 28.h5 Qd8 29.g3 Qe7
30.Rc1 Qg5 31.Qc3 Rdc7 32.f4 Qh6 33.Qd4 gxh5 34.Kh2 Qg6 35.Kh3 Qe4 36.Qxe4 Bxe4
37.Bxh5 Rxc5 38.Rxc5 Rxc5 39.Rd7 Bg6 40.Bxg6 hxg6 41.Rxb7 Rxa5 42.Kh4 Kg7
43.Ra7 Ra1 44.Kg5 a5 45.g4 a4 46.Ra8 a3 47.Ra7 Ra2  1/2-1/2

[Event "10th Parsvnath Open"]
[Site "New Delhi IND"]
[Date "2012.01.15"]
[Round "2"]
[White "Sumit,G"]
[Black "Murali Krishnan,B"]
[Result "0-1"]
[WhiteElo "2012"]
[BlackElo "2366"]

1.d4 d5 2.c4 dxc4 3.Nf3 Nf6 4.e3 e6 5.Bxc4 c5 6.O-O a6 7.dxc5 Bxc5 8.Qxd8+ Kxd8
9.a3 b5 10.Be2 Bb7 11.b4 Bd6 12.Bb2 Nbd7 13.Nbd2 Ke7 14.Rfc1 Rhe8 15.h3 e5
16.Nb3 Ne4 17.Nfd2 Nxd2 18.Nxd2 Nb6 19.Bg4 Red8 20.Rc2 g6 21.Rac1 h5 22.Bf3 Bxf3
23.Nxf3 f6 24.Nd2 Rac8 25.Rxc8 Rxc8 26.Rxc8 Nxc8 27.Kf1 Ke6 28.Ke2 Nb6 29.Kd3 Bf8
30.e4 Bh6 31.Nb3 Bf8 32.Bc3 f5 33.f3 Bd6 34.Na5 f4 35.Be1 Na4 36.Bf2 g5 37.Nb7 Nb2+
38.Kc2 Nc4 39.Kb3 g4 40.hxg4 hxg4 41.Nc5+ Bxc5 42.bxc5 g3 43.Bg1 Kd7 44.a4 Kc6
45.Kc3 Na5 46.Kb4 bxa4 47.Kxa4 Nc4 48.Kb4 Ne3 49.Bxe3 fxe3 50.Kc3 a5  0-1

[Event "20th Fajr Open"]
[Site "Tabriz IRI"]
[Date "2012.01.17"]
[Round "7.1"]
[White "Nigalidze,G"]
[Black "Kotanjian,T"]
[Result "1-0"]
[WhiteElo "2460"]
[BlackElo "2533"]

1.d4 d5 2.c4 dxc4 3.e3 Nf6 4.Bxc4 e6 5.Nf3 c5 6.O-O a6 7.a4 Nc6 8.Nc3 cxd4
9.exd4 Be7 10.Bg5 O-O 11.Rc1 Bd7 12.Bd3 Nb4 13.Bb1 Bc6 14.Ne5 Qb6 15.Qd2 Nfd5
16.Bxe7 Nxe7 17.Ne4 Nbd5 18.Nc5 Nf6 19.a5 Qc7 20.Rc3 Rfd8 21.Rd1 Rab8 22.b4 Qd6
23.Rg3 Ned5 24.Qh6 Qf8 25.Nxe6 fxe6 26.Bxh7+ Nxh7 27.Qxe6+  1-0

[Event "10th Parsvnath Open"]
[Site "New Delhi IND"]
[Date "2012.01.23"]
[Round "11.26"]
[White "Vinoth Kumar,M"]
[Black "Murali Krishnan,B"]
[Result "0-1"]
[WhiteElo "2150"]
[BlackElo "2366"]

1.d4 d5 2.e3 Nf6 3.c4 dxc4 4.Bxc4 e6 5.Nf3 c5 6.O-O a6 7.Qe2 b5 8.Bd3 Bb7
9.dxc5 Nc6 10.Rd1 Qb8 11.a3 Bxc5 12.b4 Bd6 13.Bb2 Ng4 14.Nbd2 Bxh2+ 15.Kh1 Be5
16.Ne4 Bxb2 17.Qxb2 O-O 18.Nc5 Nxb4 19.Bxh7+ Kxh7 20.Nd7 Qc7 21.Re1 Nd3 22.Nxf8+ Rxf8
23.Ng5+  0-1

[Event "Gibraltar Open"]
[Site "Caleta ENG"]
[Date "2012.01.26"]
[Round "3.123"]
[White "Henrichsen,J"]
[Black "Kazmierczak,Ewa"]
[Result "1-0"]
[WhiteElo "1901"]
[BlackElo "1477"]

1.d4 d5 2.c4 dxc4 3.Nf3 Nf6 4.e3 e6 5.Bxc4 c5 6.O-O a6 7.Qe2 b5 8.Bd3 cxd4
9.exd4 Be7 10.Bg5 O-O 11.Bxf6 Bxf6 12.Qe4 g6 13.Qxa8 Bxd4 14.Nxd4 Qxd4 15.Nc3 b4
16.Qe4 Rd8 17.Qxd4 Rxd4 18.Na4 Rxd3 19.Rfd1 Rxd1+ 20.Rxd1 Nc6 21.Rd6 Ne7
22.Nb6 Kg7 23.Rd8 Nd5 24.Nxd5 exd5 25.Rxc8 Kf6 26.Kf1 Ke5 27.Ke2 f5 28.Ra8 Kd4
29.Rxa6 Kc4 30.Rc6+ Kd4 31.Rc7  1-0

[Event "2nd HD Bank Cup 2012"]
[Site "Ho Chi Minh City VIE"]
[Date "2012.03.02"]
[Round "2.35"]
[White "Pham Chuong"]
[Black "Nguyen Van Toan Thanh"]
[Result "1-0"]
[WhiteElo "2398"]
[BlackElo "1940"]

1.d4 d5 2.c4 dxc4 3.Nf3 Nf6 4.e3 e6 5.Bxc4 c5 6.O-O a6 7.a4 Nc6 8.Qe2 cxd4
9.Rd1 Be7 10.Nxd4 Nxd4 11.Rxd4 Qc7 12.Nd2 O-O 13.Nf3 e5 14.Rd2 e4 15.Nd4 Ng4
16.g3 Ne5 17.Rc2 Qb6 18.Qh5 Qd6 19.Be2 g6 20.Qh6 Bg4 21.Bxg4 Nxg4 22.Qh3 f5
23.Bd2 Bf6 24.Qf1 Rac8 25.Rac1 Qd7 26.Bb4 Rfe8 27.Rxc8 Rxc8 28.Qd1 Ne5 29.Qb3+ Kh8
30.Rxc8+ Qxc8 31.Qd5 Qd7 32.Qc5 Bg7 33.Bc3 Kg8 34.Kg2 Nc6 35.h3 Nxd4 36.Bxd4 Bxd4
37.exd4 Qc6 38.Qe5 h6 39.d5 Qxa4 40.Qe6+ Kf8 41.Qb6 Ke7 42.Qe6+ Kf8 43.d6  1-0

[Event "6th Agzamov Memorial"]
[Site "Tashkent UZB"]
[Date "2012.03.11"]
[Round "6"]
[White "Tillyaev,U"]
[Black "Egin,V"]
[Result "0-1"]
[WhiteElo "2214"]
[BlackElo "2412"]

1.d4 d5 2.c4 dxc4 3.Nf3 Nf6 4.e3 e6 5.Bxc4 c5 6.O-O a6 7.Qe2 b5 8.Bb3 Bb7
9.Rd1 Nbd7 10.Nc3 Qb6 11.d5 exd5 12.Nxd5 Bxd5 13.Bxd5 Nxd5 14.Rxd5 Be7 15.e4 Qb7
16.Bg5 Nb6 17.Rd2 O-O 18.Rad1 Rfe8 19.e5 f6 20.Bf4 Qc6 21.Qe1 Rad8 22.e6 Rxd2
23.Rxd2 Bf8 24.Re2 Nd5 25.Bg3 g6 26.h4 Ne7 27.h5 Nf5 28.hxg6 hxg6 29.Re4 Bd6
30.Bh4 g5 31.Bxg5 fxg5 32.Nxg5 Qd5 33.Rg4 Ng7 34.Qb1 Qf5 35.Qd1 Be7 36.Nh3 Qxe6
37.Nf4 Qe5 38.Qd7 Bf8 39.Ng6 Qe1+ 40.Kh2 Re7 41.Nxe7+ Qxe7 42.Qxe7 Bxe7 43.Rg6 a5
44.Ra6 Bd8 45.Ra8 Ne6 46.f4 Kf7 47.f5 Bc7+ 48.g3 Ng7 49.Ra7 Ne8 50.Rb7 b4
51.Rb5 Bd6 52.Kh3 a4 53.Ra5 Be5 54.Rxc5 Bxb2 55.Rc4 Bc3 56.a3 b3 57.Rxa4 b2
58.Ra7+ Kf6 59.Rb7 Kxf5 60.g4+ Kf4 61.Kh4 Nd6 62.Rb8 Nc4 63.a4 Nd2 64.a5 b1=Q
65.Rxb1 Nxb1 66.a6 Bd4 67.Kh5 Nc3 68.g5 Kf5 69.Kh6 Nd5 70.g6 Ne7 71.g7 Kf6
72.Kh7 Kf7 73.Kh6 Bxg7+ 74.Kg5 Bd4 75.Kf4 Ke6 76.Ke4 Nc6 77.Kd3 Kd5 78.Ke2 Ke4
79.Kf1 Nb4 80.a7 Bxa7 81.Kg2 Kf4 82.Kh3 Nd3 83.Kg2 Bb8 84.Kh2 Kg4+ 85.Kg2 Bc7
86.Kh1 Kf3 87.Kg1 Nf2 88.Kf1 Bh2 89.Ke1 Ne4 90.Kf1 Nd2+ 91.Ke1 Ne4 92.Kf1 Nd2+
93.Ke1 Ke3 94.Kd1 Kd3 95.Kc1 Nc4 96.Kd1  0-1

[Event "ch-Moscow Final 2012"]
[Site "Moscow RUS"]
[Date "2012.03.13"]
[Round "4"]
[White "Gagarin,V"]
[Black "Dragomarezkij,E"]
[Result "1/2-1/2"]
[WhiteElo "2378"]
[BlackElo "2411"]

1.d4 d5 2.c4 dxc4 3.e3 e6 4.Bxc4 Nf6 5.Nf3 c5 6.O-O cxd4 7.exd4 Be7 8.Nc3 O-O
9.Re1 Nbd7 10.Bb3 Nb6 11.Ne5 Bd7 12.Qf3 Bc6 13.Nxc6 bxc6 14.Qxc6 Qxd4 15.Be3 Qb4
16.Qb5 Rfc8 17.a3 Qxb5 18.Nxb5 Bc5 19.Bf4 Nbd5 20.Be5 a6 21.Bxd5 Nxd5 22.Nc3 f6
23.Nxd5 exd5 24.Bc3 Kf7 25.Red1 Ke6 26.Rd2 Rd8 27.Re1+ Kf7 28.Red1 Ke6 29.Re1+ Kf7
30.Red1 Ke6  1/2-1/2

[Event "TCh-AUT 2 Ost 2011-12"]
[Site "Vienna AUT"]
[Date "2012.03.18"]
[Round "9"]
[White "Menezes,Chr"]
[Black "Hagara,E"]
[Result "1/2-1/2"]
[WhiteElo "2262"]
[BlackElo "2388"]

1.d4 d5 2.c4 dxc4 3.Nf3 Nf6 4.e3 e6 5.Bxc4 c5 6.O-O a6 7.dxc5 Bxc5 8.Qxd8+ Kxd8
9.Nbd2 Ke7 10.Be2 Bd7 11.Nb3 Bb6 12.Bd2 Nc6 13.Rfd1 Ne4 14.Be1 e5 15.Nfd2 Nxd2
16.Nxd2 Rhd8 17.Nc4 Bc7 18.a4 Be6 19.Rxd8 Rxd8 20.b4 Ra8 21.Rc1 Bxc4 22.Bxc4 Bd6
23.Bd5 Bxb4 24.Bxc6 Bxe1 25.Bxb7 Ra7 26.Be4 Bb4 27.Bd3 a5 28.Bb5 Kd6 29.e4 Rc7
30.Rxc7 Kxc7  1/2-1/2

[Event "ch-VIE Women KO 2012"]
[Site "Can Tho VIE"]
[Date "2012.03.26"]
[Round "1.2"]
[White "Le Thanh Tu"]
[Black "Hoang Thi Nhu Y"]
[Result "1/2-1/2"]
[WhiteElo "2331"]
[BlackElo "2227"]

1.Nf3 d5 2.d4 Nf6 3.c4 dxc4 4.e3 e6 5.Bxc4 c5 6.O-O Nc6 7.Qe2 a6 8.a4 Qc7
9.Nc3 Be7 10.Rd1 O-O 11.Bd2 Rd8 12.Be1 Bd7 13.Rac1 Rac8 14.h3 h6 15.d5 exd5
16.Nxd5 Nxd5 17.Bxd5 Qb6 18.a5 Qc7 19.Bc3 Be8 20.Qc4 Bf8 21.Nh4 Ne7 22.e4 Nxd5
23.exd5 Qd6 24.Qg4 Bd7 25.Nf5 Qg6 26.Qxg6 fxg6 27.Ne3 Ba4 28.Rd3 c4 29.Rd4 Bb3
30.Re4 Re8 31.Rxe8 Rxe8 32.Bd4 Bb4 33.Ra1 Rd8 34.Bb6 Rd7 35.Kf1 Bd2 36.Ke2 Bxe3
37.Bxe3 Rxd5 38.Bd2 Kf7 39.Bc3 Rd3 40.Re1 g5 41.Kf1 Rd1 42.Rxd1 Bxd1 43.g3  1/2-1/2

[Event "European Senior Teams 2012"]
[Site "Rogaska Slatina SLO"]
[Date "2012.03.31"]
[Round "5.2"]
[White "Mishuchkov,N"]
[Black "Karasev,Vl"]
[Result "0-1"]
[WhiteElo "2431"]
[BlackElo "2379"]

1.Nf3 d5 2.d4 Nf6 3.c4 dxc4 4.e3 e6 5.Bxc4 c5 6.O-O Nc6 7.Qe2 cxd4 8.exd4 Be7
9.Rd1 O-O 10.Nc3 Nb4 11.Ne5 Nbd5 12.Rd3 Nxc3 13.bxc3 Bd7 14.Rh3 Bc6 15.Bd3 Qd5
16.Rg3 Rfe8 17.Bb2 Bf8 18.Nxc6 bxc6 19.c4 Qd8 20.Rd1 Rb8 21.Ba1 g6 22.Qf3 Bg7
23.Qxc6 Nh5 24.Re3 Bxd4 25.Bf1 Qb6 26.Qxb6 Bxb6 27.Red3 Nf4 28.Rd7 e5 29.g3 Nh5
30.R7d5 Nf6 31.Rxe5 Ng4 32.Rxe8+ Rxe8 33.Kg2 Nxf2 34.Rd2 Ng4 35.Bd4 Ne3+
36.Kf2 Ng4+ 37.Kg2 Ne3+ 38.Bxe3 Rxe3 39.Bd3 Re1 40.Bf1 Rc1 41.Bd3 Kg7 42.Bc2 h5
43.Kf3 g5 44.Ke4 g4 45.Bd3 Kg6 46.Kd5+ f5 47.Bc2 Kg5 48.c5 Bc7 49.Kc6 Be5
50.Re2 Kf6 51.Kd7 h4 52.Rf2 f4 53.c6 Rxc2 54.Rxc2 fxg3 55.hxg3 Bxg3 56.Rg2 h3
57.Rxg3 h2 58.c7 h1=Q 59.c8=Q Qd5+ 60.Kc7 Qe5+ 61.Kb7 Qxg3 62.Qf8+ Ke6 63.Qg8+ Kf5
64.Qf7+ Ke4 65.Qc4+ Kf3 66.Kxa7 Qf2+ 67.Kb7 Qb2+ 68.Kc8 Qh8+ 69.Kb7 Qg7+
70.Kb8 Qe5+ 71.Kb7 g3 72.Qf1+ Kg4 73.Qd1+ Kg5 74.Qd8+ Kg4 75.Qg8+ Kf3 76.Qb3+ Qe3  0-1

[Event "Semana Santa LAB Open"]
[Site "Bogota COL"]
[Date "2012.04.05"]
[Round "4"]
[White "Villar,Ju"]
[Black "Manrique,F"]
[Result "0-1"]
[WhiteElo "1876"]
[BlackElo "1980"]

1.d4 d5 2.c4 dxc4 3.Nf3 Nf6 4.e3 e6 5.Bxc4 c5 6.O-O Nc6 7.Qe2 cxd4 8.Rd1 Be7
9.exd4 O-O 10.Nc3 Nb4 11.Bg5 h6 12.Bh4 Nbd5 13.Rac1 a6 14.Ne5 Nxc3 15.bxc3 Qc7
16.Bg3 Bd6 17.f4 b5 18.Bd3 Bb7 19.a4 bxa4 20.c4 Bb4 21.f5 Qd8 22.Bc2 exf5
23.Bxa4 Ne4 24.Be1 Bxe1 25.Qxe1 Qg5 26.Rc2 Rac8 27.Bb3 Rfd8 28.Qe2 Nc5 29.Ba2 Ne6
30.Rcd2 Rc7 31.c5 Nf4 32.Qf1 Nd5 33.Bxd5 Rxd5 34.Kh1 Rd8 35.Nc4 Bd5 36.Nd6 Bb3
37.Qxa6 Bxd1 38.Rxd1 Qf4 39.Qd3 g6 40.Rf1 Qg5 41.h3 Qe7 42.Qd2 Kh7 43.Re1 Qf8
44.Qf4 Rcd7 45.Qe5 Rxd6 46.cxd6 Qxd6 47.Qxd6 Rxd6 48.Rd1  0-1

[Event "Semana Santa LAB Open"]
[Site "Bogota COL"]
[Date "2012.04.07"]
[Round "7"]
[White "Gomez Calderon,V"]
[Black "Ordinola Capcha,J"]
[Result "0-1"]
[WhiteElo "1825"]
[BlackElo "2045"]

1.d4 d5 2.c4 dxc4 3.e3 Nf6 4.Bxc4 e6 5.Nf3 c5 6.O-O a6 7.dxc5 Qxd1 8.Rxd1 Bxc5
9.a4 b6 10.Nc3 Bb7 11.Be2 Nc6 12.b3 O-O 13.Ra2 Rac8 14.Ba3 Bxa3 15.Rxa3 Nb4
16.Bc4 Nfd5 17.Ne2 Rc5 18.e4 Nf6 19.Rd6 b5 20.axb5 axb5 21.Ra5 Nxe4 22.Rb6 bxc4
23.Rxc5 Nxc5 24.Rxb4 cxb3 25.Nfd4 Rd8 26.h3 g6 27.Nxb3 Rd1+ 28.Kh2 Rb1 29.Rb5 Rxb3
30.Rxc5 Rb2 31.Rc7 Rxe2 32.Rxb7 Rxf2 33.Kg3 Rf5 34.h4 Kg7 35.Kg4 Kf6 36.g3 h5+
37.Kh3 e5 38.Rb6+ Ke7 39.Rb7+ Kd6  0-1

[Event "FSGM April 2012"]
[Site "Budapest HUN"]
[Date "2012.04.07"]
[Round "1"]
[White "Flumbort,A"]
[Black "Estrada Nieto,J"]
[Result "1/2-1/2"]
[WhiteElo "2530"]
[BlackElo "2306"]

1.d4 d5 2.c4 dxc4 3.Nf3 Nf6 4.e3 e6 5.Bxc4 c5 6.O-O a6 7.Bb3 Be7 8.Nc3 Nc6
9.dxc5 Qxd1 10.Rxd1 Bxc5 11.Bd2 Ke7 12.e4 Ng4 13.Be1 Rd8 14.h3 Nge5 15.Nxe5 Nxe5
16.Na4 Ba7 17.Bc3 f6 18.Bb4+ Ke8 19.Ba5 Rxd1+ 20.Rxd1 Bd7 21.Bb6 Bxa4 22.Bxa4+ Ke7
23.Bc7 b5 24.Bd6+ Ke8 25.Bb3 Rd8  1/2-1/2

[Event "Karposh Open 2012"]
[Site "Skopje MKD"]
[Date "2012.04.10"]
[Round "5.15"]
[White "Georgiev,Vl"]
[Black "Krivokapic,M"]
[Result "1/2-1/2"]
[WhiteElo "2531"]
[BlackElo "2415"]

1.d4 d5 2.c4 dxc4 3.Nf3 Nf6 4.e3 e6 5.Bxc4 c5 6.O-O a6 7.Bb3 Nc6 8.Nc3 Be7
9.dxc5 Qxd1 10.Rxd1 Bxc5 11.Bd2 Bd7 12.Rac1 Rc8 13.Nd5 Ne4 14.Nf4 Nxd2 15.Nxd2 Na5
16.Bc2 Ke7 17.Ne4 Ba7 18.Nd6 Rc7 19.b4 Nc6 20.Bb3 Bb8 21.a3 g5 22.Ne2 Rd8
23.Nc3 Ne5 24.Nf5+ Ke8 25.Nd6+ Ke7 26.Nf5+ Ke8  1/2-1/2

[Event "Karposh Open 2012"]
[Site "Skopje MKD"]
[Date "2012.04.11"]
[Round "6.29"]
[White "Kantorik,M"]
[Black "Koksal,E"]
[Result "1-0"]
[WhiteElo "2323"]
[BlackElo "2154"]

1.d4 d5 2.c4 dxc4 3.Nf3 Nf6 4.e3 e6 5.Bxc4 c5 6.Nc3 Nc6 7.O-O cxd4 8.exd4 Be7
9.Qe2 O-O 10.Rd1 Nb4 11.Ne5 Nbd5 12.Bg5 Nxc3 13.bxc3 Nd5 14.Bd2 Bf6 15.Bb3 b6
16.c4 Ne7 17.Bb4 a5 18.Ba3 Re8 19.Ba4 Rf8  1-0

[Event "ch-LTU 2012"]
[Site "Vilnius LTU"]
[Date "2012.04.26"]
[Round "6"]
[White "Laurusas,T"]
[Black "Malisauskas,V"]
[Result "0-1"]
[WhiteElo "2360"]
[BlackElo "2462"]

1.d4 d5 2.c4 dxc4 3.Nf3 Nf6 4.e3 c5 5.Bxc4 e6 6.Qe2 cxd4 7.exd4 Bb4+ 8.Nc3 O-O
9.O-O b6 10.Rd1 Bb7 11.Bg5 Bxc3 12.bxc3 Nbd7 13.Ne5 Qc7 14.Rac1 Nxe5 15.dxe5 Ne4
16.Bf4 Rad8 17.Bd3 Nc5 18.Bb1 Rxd1+ 19.Rxd1 Rd8 20.Rd6 Rxd6 21.exd6 Qc6 22.f3 f6
23.a3 Qa4 24.Be3 Qxa3 25.Qb5 Kf7 26.Bxh7 Qxc3 27.Kf2 Bc6 28.Qb1 f5 29.Qa2 Kf6
30.g4 Nd3+ 31.Kg2 Nf4+ 32.Kf2 Nh3+ 33.Ke2 Bb5+  0-1

[Event "ch-LTU 2012"]
[Site "Vilnius LTU"]
[Date "2012.04.27"]
[Round "7"]
[White "Beinoras,M"]
[Black "Zickus,S"]
[Result "1/2-1/2"]
[WhiteElo "2353"]
[BlackElo "2283"]

1.d4 d5 2.c4 dxc4 3.Nf3 Nf6 4.e3 e6 5.Bxc4 c5 6.O-O a6 7.Bb3 Nc6 8.Qe2 cxd4
9.Rd1 Be7 10.Nc3 e5 11.exd4 exd4 12.Nxd4 Nxd4 13.Qe5 Qd6 14.Qxd4 Qxd4  1/2-1/2

[Event "TCh-AUT 2 Ost 2011-12"]
[Site "Bruck AUT"]
[Date "2012.04.29"]
[Round "11"]
[White "Kleiser,G"]
[Black "Hagara,E"]
[Result "1/2-1/2"]
[WhiteElo "2263"]
[BlackElo "2388"]

1.d4 d5 2.Nf3 Nf6 3.c4 dxc4 4.e3 e6 5.Bxc4 c5 6.O-O a6 7.Bb3 Nc6 8.Nc3 Be7
9.dxc5 Bxc5 10.Qxd8+ Kxd8 11.Rd1+ Ke7 12.Bd2 Rd8 13.Be1 Bd7 14.Rac1 Ba7 15.Ne2 Rac8
16.Bc3 g6 17.Ned4 Nxd4 18.Nxd4 Ne4 19.Ba5 Re8 20.Nf3 Rxc1 21.Rxc1 Rc8 22.Rxc8 Bxc8
23.Bc2 Nd6 24.Bb4 f6 25.Nd2 Bb8 26.Nc4 Bc7 27.h4 Kd7 28.Bxd6 Bxd6 29.Nxd6 Kxd6
30.g4 b6 31.f3 a5 32.a3 Bd7 33.Kf2 Be8 34.g5 fxg5 35.hxg5 Bb5 36.Bb3 Ke5
37.Bc2 Kd5 38.Ke1 Kc4 39.Kd2 Bc6 40.f4 Bd7 41.b3+ Kd5 42.Kc3 Kc5 43.Bd3 Be8
44.b4+ axb4+ 45.axb4+ Kd5 46.e4+ Kd6 47.Kd4 Bd7 48.Bc2 Bc8 49.Ba4 Bb7 50.Bb5 Bc8
51.Be8 Ke7 52.Bc6 Kd6 53.b5 e5+ 54.fxe5+ Ke7 55.Bd5 Bd7 56.Bc4 Bg4 57.e6 Kd6
58.e7 Kxe7 59.Ke5 Bd7 60.Bd3 Be6 61.Be2 Bf7 62.Kd4 Be6 63.Bc4 Bg4 64.Bg8 Be2
65.Bc4 Bg4 66.Bd5 Be2 67.Bc6 Kd6 68.Be8 Ke7 69.Bc6 Kd6  1/2-1/2

[Event "Norsk Sjakkfestival"]
[Site "Fagernes NOR"]
[Date "2012.05.04"]
[Round "8"]
[White "Johannessen,LE"]
[Black "Ernst,S"]
[Result "1/2-1/2"]
[WhiteElo "2503"]
[BlackElo "2578"]

1.d4 d5 2.c4 dxc4 3.e3 e6 4.Bxc4 Nf6 5.Nf3 c5 6.O-O a6 7.dxc5 Qxd1 8.Rxd1 Bxc5
9.Be2 Nbd7 10.Nbd2 b6 11.Nb3 Be7 12.Nfd4 Bb7 13.f3 O-O 14.e4 Rfc8 15.Be3 Rc7
16.Rac1 Rac8 17.Rxc7 Rxc7 18.Rc1 Rxc1+ 19.Bxc1 Nc5 20.Nxc5 Bxc5 21.Be3 Kf8
22.Kf2 Nd7 23.a3  1/2-1/2

[Event "Tschaturanga Open"]
[Site "Vienna AUT"]
[Date "2012.05.09"]
[Round "3.2"]
[White "Baumegger,S"]
[Black "Dueckstein,A"]
[Result "1-0"]
[WhiteElo "2437"]
[BlackElo "2228"]

1.d4 d5 2.c4 dxc4 3.e3 Nf6 4.Bxc4 e6 5.Nf3 c5 6.O-O Be7 7.Qe2 Nc6 8.dxc5 Qa5
9.e4 Qxc5 10.Nc3 Qh5 11.e5 Ng4 12.Bf4 O-O 13.h3 Nh6 14.Ne4 Nf5 15.Kh2 Nh4
16.Nxh4 Qxe2 17.Bxe2 Bxh4 18.Rad1 Ne7 19.Be3 Ng6 20.Bc5 Be7 21.Bxe7 Nxe7
22.Nd6 Rb8 23.Bf3 Ng6 24.Rfe1 b6 25.Kg3 Ne7 26.Be4 Nf5+ 27.Bxf5 exf5 28.Rc1 Be6
29.Rc7 a6 30.a3 Rfd8 31.Rec1 a5 32.Ra7 Ra8 33.Re7 Rab8 34.Rcc7 Rf8 35.Kf4 g6
36.Kg5  1-0

[Event "FSGM May 2012"]
[Site "Budapest HUN"]
[Date "2012.05.14"]
[Round "10"]
[White "Estrada Nieto,J"]
[Black "Varga,Zo"]
[Result "1/2-1/2"]
[WhiteElo "2309"]
[BlackElo "2451"]

1.d4 d5 2.c4 dxc4 3.Nf3 Nf6 4.e3 e6 5.Bxc4 c5 6.O-O a6 7.dxc5 Bxc5 8.Qxd8+ Kxd8
9.Ne5 Ke7 10.Be2 Bd7 11.Bf3 Bc6 12.Nxc6+ Nxc6 13.Bxc6 bxc6 14.Nc3 Bd6 15.Rd1  1/2-1/2

[Event "TUR-ALG Friendship w 2012"]
[Site "Ankara TUR"]
[Date "2012.05.15"]
[Round "4"]
[White "Mazouz,Louiza"]
[Black "Cemhan,K"]
[Result "0-1"]
[WhiteElo "1667"]
[BlackElo "1941"]

1.d4 d5 2.Nf3 Nf6 3.c4 dxc4 4.e3 e6 5.Bxc4 c5 6.Nc3 Nc6 7.O-O a6 8.a4 Be7
9.d5 exd5 10.Nxd5 Nxd5 11.Bxd5 Nb4 12.Bc4 O-O 13.Bd2 Qb6 14.Qb3 Qg6 15.Ne5 Qh5
16.Bc3 Bf5 17.Bxb4 cxb4 18.Rad1 Rac8 19.Nd7 b5 20.axb5 axb5 21.Bxb5 Bc2 22.Qd5 Bxd1
23.Qxh5 Bxh5 24.Nxf8 Bxf8 25.b3 Rc2 26.f3 Rc3  0-1

[Event "TUR-ALG Friendship w 2012"]
[Site "Ankara TUR"]
[Date "2012.05.17"]
[Round "5"]
[White "Hamza,A"]
[Black "Cemhan,K"]
[Result "0-1"]
[WhiteElo "1859"]
[BlackElo "1941"]

1.d4 d5 2.Nf3 Nf6 3.c4 dxc4 4.e3 e6 5.Bxc4 c5 6.O-O a6 7.Qe2 Nc6 8.Rd1 Qc7
9.Nc3 b5 10.Bb3 Bb7 11.dxc5 Bxc5 12.Bd2 O-O 13.Rac1 Ne5 14.Nd4 Neg4 15.f4 e5
16.Nd5 Nxd5 17.Bxd5 Bxd5 18.Qxg4 exd4 19.b4 f5 20.Qg3 Rf6 21.Rxc5 Qb7 22.Bc3 Rg6
23.Qxg6 hxg6 24.Bxd4 Rc8 25.g3 Rxc5 26.Bxc5 Bxa2 27.Rd6 Qf3 28.Rd2 Bd5 29.Bd4 Qh1+
30.Kf2 Qxh2+ 31.Ke1 Qxg3+ 32.Kd1 Bb3+ 33.Ke2 Qg2+ 34.Ke1 Qf3 35.Bc5 Bc4 36.Rf2 Qh1+
37.Kd2 Qb1  0-1

[Event "ch-UZB Major w 2012"]
[Site "Tashkent UZB"]
[Date "2012.05.17"]
[Round "1"]
[White "Kurbonboeva,Sarvinoz"]
[Black "Nodirjanova,N"]
[Result "1/2-1/2"]
[WhiteElo "2199"]
[BlackElo "2180"]

1.d4 d5 2.c4 dxc4 3.Nf3 Nf6 4.e3 e6 5.Bxc4 c5 6.O-O a6 7.dxc5 Qxd1 8.Rxd1 Bxc5
9.Nbd2 b6 10.b3 Nbd7 11.Bb2 Bb7 12.Be2 Ke7 13.Ne5 Nxe5 14.Bxe5 Rhd8 15.Bf3 Bd5
16.Bb2 Rac8 17.Rac1 Bxf3 18.Nxf3 Nd5 19.Ne1 f6 20.Kf1 Bb4 21.Rxc8 Rxc8 22.e4 Nc7
23.Rc1 Kd7 24.Nc2 Bd6 25.Ne3 b5 26.Ke2 Ne8 27.Rxc8 Kxc8 28.g3 Bc5 29.Kd3 Kd7
30.f4 Kc6 31.a3 g6 32.g4  1/2-1/2

[Event "6th Wunsiedel Open"]
[Site "Wunsiedel GER"]
[Date "2012.05.17"]
[Round "1"]
[White "Kunin,V"]
[Black "Troyke,D"]
[Result "1-0"]
[WhiteElo "2513"]
[BlackElo "2122"]

1.d4 d5 2.c4 dxc4 3.Nf3 Nf6 4.e3 e6 5.Bxc4 c5 6.O-O Be7 7.Qe2 O-O 8.Nc3 cxd4
9.exd4 Nc6 10.Rd1 Nb4 11.Bg5 Nbd5 12.Rac1 Nxc3 13.bxc3 Qc7 14.Ne5 Nd5 15.Bxe7 Qxe7
16.Bb3 a5 17.c4 a4 18.Bc2 Nf6 19.Rd3 Rd8 20.Rh3 Rxd4 21.Bxh7+ Nxh7 22.Qh5 Qf6
23.Qxh7+ Kf8 24.Qh8+ Ke7 25.Qh5 g6 26.Qe2 Ra5 27.Re3 Qf4 28.g3 Qh6 29.Qb2 Rd6
30.Qa3 Ra6 31.c5 Rd5 32.c6+ Ke8 33.cxb7 Bxb7 34.Qb4 Ra7 35.Qb6 Qh3 36.Nf3 Rda5
37.Rc7 Bxf3 38.Qb8+  1-0

[Event "HC Andersen Mindgames"]
[Site "Odense DEN"]
[Date "2012.05.18"]
[Round "5.2"]
[White "Georgiev,Vl"]
[Black "Hansen,Mads3"]
[Result "1-0"]
[WhiteElo "2555"]
[BlackElo "2302"]

1.d4 d5 2.c4 dxc4 3.Nf3 Nf6 4.e3 e6 5.Bxc4 c5 6.O-O a6 7.a3 b5 8.Ba2 Bb7
9.Nc3 Be7 10.Re1 O-O 11.Qe2 Nc6 12.dxc5 Bxc5 13.b4 Bd6 14.Bb2 Qe7 15.Rad1 Ne5
16.Nxe5 Bxe5 17.f4 Bc7 18.Nb1 e5 19.f5 Rfd8 20.Nd2 Bd5 21.Bxd5 Nxd5 22.Qf3 Nb6
23.Ne4 f6 24.Nc5 Nc4 25.Bc1 Bb6 26.Ne6 Re8 27.Kh1 Rac8 28.h3 Kh8 29.e4 a5
30.Qg4 Rg8 31.bxa5 Nxa5 32.Rd5 Nb3 33.Be3 Bxe3 34.Rxe3 Nd4 35.Nxd4 exd4 36.Rxd4 Rc1+
37.Rd1 Qc5 38.Rd3 b4 39.axb4 Rxd1+ 40.Rxd1 Qxb4 41.Rd7 Qb1+ 42.Kh2 Qb8+ 43.Qg3 Qe8
44.Rd4 Qb5 45.Qc7 Qe2 46.Qf4 Qe1 47.Rd3 Re8 48.Rd6 Rg8 49.Re6 Qb4 50.h4 Qc4
51.h5 Qe2 52.Qh4 h6 53.e5 fxe5 54.f6 Qf1 55.fxg7+ Rxg7 56.Rxh6+ Kg8 57.Qd8+ Kf7
58.Qd7+  1-0

[Event "50th ch-IND Challengers 2012"]
[Site "Tirupati IND"]
[Date "2012.05.20"]
[Round "4.1"]
[White "Arvind,S"]
[Black "Debashis,D"]
[Result "0-1"]
[WhiteElo "2273"]
[BlackElo "2425"]

1.d4 d5 2.Nf3 Nf6 3.c4 dxc4 4.e3 e6 5.Bxc4 c5 6.O-O a6 7.e4 b5 8.Bd3 Bb7
9.e5 Nd5 10.a4 c4 11.Be2 Nc6 12.b3 Na5 13.bxc4 bxc4 14.Bd2 Nb3 15.Ra2 Nxd2
16.Nfxd2 c3 17.Qb3 Bb4 18.Ne4 O-O 19.Rd1 Rc8 20.Rc2 Qa5 21.Nbxc3 Bxc3 22.Qxb7 Qxa4
23.Rdc1 a5 24.Nxc3 Nxc3 25.Kf1 Nxe2 26.Rxc8 Nxc1 27.Rxf8+ Kxf8 28.Qc8+ Qe8
29.Qxc1 a4 30.Ke2 Qa8 31.Qa3+ Kg8 32.f3 h6 33.Kd3 Kh7 34.Kc3 Qa6 35.Qb2 a3
36.Qc2+ g6 37.Kb3 a2 38.Qxa2 Qd3+ 39.Kb4 Qxd4+ 40.Qc4 Qxe5 41.f4 Qb2+ 42.Kc5 Qxg2
43.Kd6 Qd5+ 44.Qxd5 exd5 45.Kxd5 g5  0-1

[Event "ch-UZB Major w 2012"]
[Site "Tashkent UZB"]
[Date "2012.05.21"]
[Round "5"]
[White "Baymuradova,S"]
[Black "Nodirjanova,N"]
[Result "0-1"]
[WhiteElo "2113"]
[BlackElo "2180"]

1.d4 d5 2.c4 dxc4 3.Nf3 Nf6 4.e3 e6 5.Bxc4 c5 6.O-O a6 7.a4 Nc6 8.Nc3 Be7
9.Qe2 cxd4 10.Rd1 O-O 11.exd4 Nd5 12.Nxd5 exd5 13.Bd3 Bf6 14.h3 Re8 15.Be3 h6
16.Qd2 Na5 17.Bc2 Nc4 18.Qd3 g6 19.Bc1 Bf5 20.Qc3 Bxc2 21.Qxc2 Bg7 22.b3 Na5
23.Bf4 Rc8 24.Qd3 Qb6 25.Rab1 Nc6 26.Qd2 Kh7 27.b4 Re4 28.Be3 Ne7 29.b5 a5
30.Rbc1 Rxc1 31.Qxc1 Nf5 32.Qc3 Qe6 33.Rd3 b6 34.Qc6 Qd6 35.g4 Qb4 36.gxf5 Qb1+
37.Kg2 Qxd3 38.f6 Re6 39.Qxd5 Rxf6 40.Ne5 g5 41.Qb7 Re6  0-1

[Event "Vlado Andriusaicio Rapid A 2012"]
[Site "Vilnius LTU"]
[Date "2012.05.27"]
[Round "7"]
[White "Sevrukas,G"]
[Black "Miknevicius,Laurynas"]
[Result "1/2-1/2"]
[WhiteElo "2095"]
[BlackElo "1835"]

1.d4 d5 2.c4 dxc4 3.Nf3 Nf6 4.e3 e6 5.Bxc4 c5 6.O-O a6 7.Qe2 b5 8.Bd3 Bb7
9.Rd1 Nbd7 10.a4 b4 11.b3 Be7 12.Nbd2 O-O 13.Bb2 Nd5 14.Rac1 cxd4 15.Nxd4 Nc5
16.Bb1 Rc8 17.Nc4 Qc7 18.g3 Qb8 19.e4 Nf6 20.f3 Rfd8 21.Qe3 Ba8 22.Kg2 Rd7
23.Rd2 Rcd8 24.Rcd1 Bf8 25.Qg5 Ncxe4 26.fxe4 Bxe4+ 27.Bxe4 Nxe4 28.Qe3 Nxd2
29.Rxd2 Qb7+ 30.Qf3 Qxf3+ 31.Nxf3 Be7 32.Kf2 Rxd2+ 33.Nfxd2 f6 34.Ke3 Kf7
35.Bd4 Rd5 36.Bb6 f5 37.Ke2  1/2-1/2